MARC

LEADER 00000nam0a2200000 4500
001 328033
005 20250423165620.0
035 |a (RuTPU)RU\TPU\book\353722 
090 |a 328033 
100 |a 20170209d1953 k y0rusy50 ca 
101 0 |a rus 
102 |a RU 
105 |a a z 001zy 
200 1 |a Шлиховое опробование при геологической съемке и обзорных поисках  |f М. И. Ициксон  |g СССР, Министерство геологии и охраны недр ; Всесоюзный научно-исследовательский геологический институт (ВСЕГЕИ) 
210 |a Москва  |c Госгеолиздат  |d 1953 
215 |a 60 с.  |c ил. 
225 1 |a Труды Всесоюзного научно-исследовательского геологического института (ВСЕГЕИ) 
320 |a Библиогр.: с. 59 
500 1 0 |a Труды Всесоюзного научно-исследовательского геологического института  |9 88882 
606 1 |a Месторождения полезных ископаемых  |x Опробование  |2 stltpush  |3 (RuTPU)RU\TPU\subj\42238  |9 61925 
606 1 |a Опробование  |2 stltpush  |3 (RuTPU)RU\TPU\subj\47121  |9 66187 
610 1 |a шлиховое опробование 
610 1 |a геологическая съемка 
610 1 |a поиски 
610 1 |a пробы 
610 1 |a промывка 
610 1 |a минералогическое опробование 
610 1 |a шлиховые карты 
610 1 |a интерпретация данных 
675 |a 550.85  |v 4 
675 |a 622.7.09  |v 4 
700 1 |a Ициксон  |b М. И. 
712 0 1 |a СССР  |b Министерство геологии и охраны недр  |c (1953-1963)  |3 (RuTPU)RU\TPU\col\14783  |9 26014 
712 0 2 |a Всесоюзный научно-исследовательский геологический институт (ВСЕГЕИ)  |c (Ленинград)  |c (1939-1991)  |3 (RuTPU)RU\TPU\col\11367 
801 1 |a RU  |b 63413507  |c 20170209 
801 2 |a RU  |b 63413507  |c 20170213  |g RCR 
850 |a 63413507 
942 |c CR